00603nam a2200169 a 450000100100000000500170001000800410002702000150006804000250008310000350010824500820014326000300022530000280025550000280028395201050031199900170041600004240720201002040132.0131128s1973 sp a 000 0 spa d a8432504548 aDO-SdBNPbspacBNPHU1 aBravo Villasante, Carmen9777310aAntología de la Literatura infantil Española. /cCarmen Bravo Villasante. aMadrid, :bDoncel,c1973. a423 p. :bil. ;c18 cm. aLibro joven de bolsillo 001050718MOaGRbGRcCTd2013-11-28iLF1l0o p42407-10r2020-06-25w2020-06-25y1ZNo se presta c41896d41896